Statistics for Top 10 Smallest EU Capitals by Population

Click here to take the quiz!

General Stats

  • This quiz has been taken 878 times
    (716 since last reset)
  • The average score is 6 of 10

Answer Stats

PopulationCountryCapital% Correct
76,420LuxembourgLuxembourg
79%
6,444MaltaValletta
74%
449,160EstoniaTallinn
73%
577,484LithuaniaVilnius
67%
280,140SloveniaLjubljana
64%
429,564SlovakiaBratislava
60%
642,045FinlandHelsinki
58%
553,165IrelandDublin
57%
547,733PortugalLisbon
47%
116,392CyprusNicosia
45%

Score Distribution

Percentile by Number Answered

Percent of People with Each Score

Your Score History

You have not taken this quiz since the last reset